| 000 | 00640nam a2200193 a 4500 | ||
|---|---|---|---|
| 005 | 20240919063734.0 | ||
| 008 | 991125s1948 mx 000 0 spa u | ||
| 035 | _aUPN01000019148 | ||
| 049 | _aCG | ||
| 050 | 4 |
_aHC135 _bL3.2 |
|
| 100 | 1 |
_aLavín, José Domingo _931348 |
|
| 245 | 1 | 0 |
_aEn la brecha mexicana : _btemas económicos para México y Latinoamérica / _cJosé Domingo. |
| 260 |
_aMéxico : _bEDIAPSA, _c1948. |
||
| 300 | _a305 p. | ||
| 440 | 0 | _aColección de temas económicos y políticos contemporáneos de México | |
| 651 | 4 |
_aMéxico _xCondiciones económicas _95661 |
|
| 651 | 4 |
_aMéxico _xIndustrias _96647 |
|
| 905 | _aLibro | ||
| 999 |
_c19148 _d19148 |
||